LEADER 00867nam0-22003131i-450- 001 990003139340403321 010 $a436-29604-7 035 $a000313934 035 $aFED01000313934 035 $a(Aleph)000313934FED01 035 $a000313934 100 $a20000920d1971----km-y0itay50------ba 101 0 $aita 102 $aIT 200 1 $a<>Myth of the Machine$eThe Pentagon of Power$fby Lewis Mumford. 210 $aLondon$cSecker & Warburg$d1971. 215 $a496 p.$d24 cm 540 0 $a<> pentagono del potere / Lewis Mumford 610 0 $aScienza$aSociologia 676 $a13600 702 1$aMumford,$bLewis$f<1895-1990> 801 0$aIT$bUNINA$gRICA$2UNIMARC 901 $aBK 912 $a990003139340403321 952 $a13600 MUM$b3325/I$fSES 959 $aSES 996 $aMyth of the Machine$9455612 997 $aUNINA DB $aING01 LEADER 00829nam0-22003011i-450- 001 990005286360403321 005 20070613162017.0 035 $a000528636 035 $aFED01000528636 035 $a(Aleph)000528636FED01 035 $a000528636 100 $a19990604d1978----km-y0itay50------ba 101 0 $aita 105 $ay-------001yy 200 1 $aSinossi didattico-pastorale dei quattro vangeli$f[a cura di ] Angelico Poppi 205 $a4. ed. 210 $aPadova$cMessaggero$d1978 215 $a335 p.$d29 cm 500 10$aBibbia.$iNuovo Testamento.$iVangeli$955323 676 $a226.4 702 1$aPoppi,$bAngelico 801 0$aIT$bUNINA$gRICA$2UNIMARC 901 $aBK 912 $a990005286360403321 952 $a226.4 POP 1$bST.REL. 1265$fFLFBC 959 $aFLFBC 996 $aBibbia$955323 997 $aUNINA LEADER 01691nam 2200421 450 001 000016599 005 20050718115600.0 010 $a0-387-90638-X 100 $a20030916d1982----km-y0itay0103----ba 101 0 $aeng 102 $aUS 200 1 $aTheorems and problems in functional analysis$fA.A. Kirillov, A.D. Gvishiani$gtranslated by Harold H. McFaden 210 $aNew York [etc.]$cSpringer$dc1982 215 $aIX, 347 p.$cill.$d24 cm. 225 2 $aProblem books in mathematics 410 0$12001$aProblem books in mathematics 606 $aAnalisi funzionale 676 $a515.7$v(21. ed.)$9Analisi funzionale 691 $a00A07$9General. General and miscellaneous specific topics. Problem books 691 $a46-01$9Functional analysis. Instructional exposition (textbooks, tutorial papers, etc.) 700 1$aKirillov,$bA. A.$0441809 701 1$aGvishiani,$bA. D.$0442113 702 1$aMcFaden,$bHarold H. 801 0$aIT$bUniversità della Basilicata - B.I.A.$gRICA$2unimarc 912 $a000016599 996 $aTheorems and problems in functional analysis$981764 997 $aUNIBAS BAS $aMONSCI BAS $aSCIENZE CAT $aEXT002$b01$c20030916$lBAS01$h1618 CAT $c20050601$lBAS01$h1755 CAT $abatch$b01$c20050718$lBAS01$h1053 CAT $c20050718$lBAS01$h1112 CAT $c20050718$lBAS01$h1142 CAT $c20050718$lBAS01$h1156 FMT Z30 -1$lBAS01$LBAS01$mBOOK$1BASA2$APolo Tecnico-Scientifico$2GEN$BCollezione generale$3MAT$634389$5S34389$820030918$f51$FRiservati Z30 -1$lBAS01$LBAS01$mBOOK$1BASA2$APolo Tecnico-Scientifico$2GEN$BCollezione generale$3MAT$663076$5S63076$820030916$f51$FRiservati